[Event "GER-chT U16"]
[Site "Aurich"]
[Date "2018.12.27"]
[Round "1.3"]
[White "Haufe, Laurin"]
[Black "Hurm, Yannik"]
[Result "1-0"]
[WhiteElo "1966"]
[BlackElo "1704"]
[PlyCount "83"]
[EventDate "2018.12.27"]
[EventType "team-swiss"]
[EventRounds "7"]
[EventCountry "GER"]
[SourceTitle "CBM 188 Extra"]
[Source "ChessBase"]
[SourceDate "2019.02.26"]
[SourceVersion "1"]
[SourceVersionDate "2019.02.26"]
[SourceQuality "1"]
[WhiteTeam "Leipzig SG"]
[BlackTeam "Hohentuebingen"]
[WhiteTeamCountry "GER"]
[BlackTeamCountry "GER"]

1. e4 c5 2. Nf3 a6 3. c3 e6 4. d4 d5 5. exd5 exd5 6. Bd3 Nf6 7. 0-0 Nc6 8. Bg5 h6 9. Bh4 cxd4 10. cxd4 Be7 11. Nbd2 Qb6 12. Nb3 0-0 13. Re1 Be6 14. Rc1 Rfe8 15. Bb1 Bb4 16. Re2 Nh5 17. a3 Bf8 18. Ne5 Nxe5 19. Rxe5 g6 20. Qd3 Nf4 21. Qf3 Bd6 22. Qxf4 Bxe5 23. dxe5 Kh7 24. Nd4 Rac8 25. Rxc8 Rxc8 26. Nxe6 Qxe6 27. Bd3 Rc7 28. h3 b5 29. f3 Qc6 30. Be1 Kg7 31. Bd2 g5 32. Qf5 Kf8 33. Qh7 Ke8 34. Bf5 a5 35. Kh2 Qb6 36. Qg7 b4 37. axb4 axb4 38. e6 fxe6 39. Bg6+ Kd8 40. Qf8+ Kd7 41. Be8+ Kc8 42. Bc6# 1-0

[Event "GER-chT U16"]
[Site "Aurich"]
[Date "2018.12.27"]
[Round "2.4"]
[White "Ruby, Noah Leonard"]
[Black "Hurm, Yannik"]
[Result "0-1"]
[WhiteElo "1097"]
[BlackElo "1704"]
[PlyCount "82"]
[EventDate "2018.12.27"]
[EventType "team-swiss"]
[EventRounds "7"]
[EventCountry "GER"]
[SourceTitle "CBM 188 Extra"]
[Source "ChessBase"]
[SourceDate "2019.02.26"]
[SourceVersion "1"]
[SourceVersionDate "2019.02.26"]
[SourceQuality "1"]
[WhiteTeam "Bebenhausen"]
[BlackTeam "Hohentuebingen"]
[WhiteTeamCountry "GER"]
[BlackTeamCountry "GER"]

1. e4 c5 2. d4 cxd4 3. c3 dxc3 4. Nxc3 e6 5. Nf3 a6 6. Bc4 b5 7. Bb3 Bb7 8. 0-0 Ne7 9. Bf4 Ng6 10. Be3 Be7 11. a4 b4 12. Ne2 Bxe4 13. Ng3 Bb7 14. Rc1 Nc6 15. Re1 0-0 16. Qd2 d5 17. Bd4 Nxd4 18. Qxd4 a5 19. Nh5 Bf6 20. Nxf6+ Qxf6 21. Qxf6 gxf6 22. Nd4 Rac8 23. Nb5 Rxc1 24. Rxc1 Rc8 25. Rd1 Ba6 26. Nd4 Ne5 27. f4 Nc4 28. Kf2 Nxb2 29. Rd2 Nc4 30. Rc2 Nd6 31. Rd2 Ne4+ 32. Ke3 Rc3+ 33. Rd3 Rxd3+ 34. Ke2 Rxd4+ 35. Ke1 Rd3 36. Bc2 Ra3 37. g3 Ra1+ 38. Bd1 b3 39. f5 b2 40. fxe6 Rxd1+ 41. Kxd1 b1Q# 0-1

[Event "GER-chT U16"]
[Site "Walldorf"]
[Date "2017.12.28"]
[Round "3.3"]
[White "Hurm, Yannik"]
[Black "Reindl, Jork"]
[Result "1/2-1/2"]
[WhiteElo "1646"]
[BlackElo "1648"]
[PlyCount "75"]
[EventDate "2017.12.26"]
[EventType "team-swiss"]
[EventRounds "7"]
[EventCountry "GER"]
[SourceTitle "CBM 182 Extra"]
[Source "ChessBase"]
[SourceDate "2018.02.23"]
[SourceVersion "1"]
[SourceVersionDate "2018.02.23"]
[SourceQuality "1"]
[WhiteTeam "Hohentuebingen"]
[BlackTeam "Schwaebisch Gmuend"]
[WhiteTeamCountry "GER"]
[BlackTeamCountry "GER"]

1. e4 e6 2. d4 d5 3. Nc3 Bb4 4. a3 Bxc3+ 5. bxc3 Ne7 6. e5 c5 7. Nf3 Nbc6 8. Be2 Bd7 9. h4 a6 10. h5 c4 11. h6 g6 12. Bg5 Qa5 13. Qd2 Qb6 14. Bf6 0-0-0 15. Bxh8 Rxh8 16. Ng5 Nd8 17. 0-0 Bc6 18. Rfb1 Qc7 19. Qf4 f5 20. Qh4 Ng8 21. Rb4 Qd7 22. a4 Nf7 23. Nxf7 Qxf7 24. g4 Ne7 25. Qf6 Rf8 26. Qxf7 Rxf7 27. Kg2 Ng8 28. Rh1 a5 29. Rb2 Bxa4 30. Ra2 b5 31. Kg3 Kc7 32. gxf5 exf5 33. Bf3 Kc6 34. Kf4 Re7 35. Kg5 Re6 36. Rha1 Ne7 37. Bg2 Kd7 38. Bf3 1/2-1/2